| 000 | 00712nam a2200169 4500 | ||
|---|---|---|---|
| 008 | 180126b xxu||||| |||| 00| 0 eng d | ||
| 020 | _a171-48-0032-3 | ||
| 082 |
_21995 _aDFil 899.211 _bAv34 |
||
| 100 |
_925862 _aAvena, Lorenza P. |
||
| 245 |
_aYaman ng wika at panitikan: _bGabay sa pagtuturo/ _cLorenza P. Avena, Angelita A. Binsol, Emilia M. Enriquez, Maurita M. Reyes and Leticia Y. Sebrio. |
||
| 250 | _aFirst edition | ||
| 260 |
_aManila, Philippines: _bDiwa Learning Systems Inc., _c© 1995. |
||
| 300 |
_a120 pages; _c26 cm. |
||
| 650 | 0 |
_925864 _aLanguage and Literature |
|
| 700 |
_925863 _aBimsol, Angelita A., Enriquez Emilia M., Glinofria, Maurita,Reyes M. and Serbio, Letecia Y. |
||
| 942 |
_2ddc _cDFIL |
||
| 999 |
_c8361 _d8361 |
||